NLSUI OPAC header image

The Untouchables of India (Record no. 119898)

MARC details
000 -LEADER
fixed length control field 00291nam a2200109Ia 4500
008 - FIXED-LENGTH DATA ELEMENTS--GENERAL INFORMATION
fixed length control field 200619s9999 xx 000 0 und d
082 ## - DEWEY DECIMAL CLASSIFICATION NUMBER
Classification number 305.5609DEL
100 ## - MAIN ENTRY--PERSONAL NAME
Personal name Deliege Robert
245 #4 - TITLE STATEMENT
Title The Untouchables of India
942 ## - ADDED ENTRY ELEMENTS (KOHA)
Koha item type CSSEIP Office Library Collection
Holdings
Withdrawn status Lost status Damaged status Not for loan Home library Current library Shelving location Date acquired Total Checkouts Barcode Date last seen Price effective from Koha item type
        . . CSSEIP Office Library 25.06.2020   CSSEIP358 23.06.2020 23.06.2020 CSSEIP Office Library Collection